La suggestion mentale et l'action a distance des substances toxiques et médicamenteuses / (Record no. 152565)

MARC details
000 -LEADER
campo de control de longitud fija 00847nam a22002175i 4500
001 - NÚMERO DE CONTROL
campo de control 152565
003 - IDENTIFICADOR DE NÚMERO DE CONTROL
campo de control ES-MaACL
005 - FECHA Y HORA DE LA ÚLTIMA TRANSACCIÓN
campo de control 20250822032537.0
008 - DATOS DE LONGITUD FIJA--INFORMACIÓN GENERAL
campo de control de longitud fija 020926s1887 fr a d |||| | fre d
040 ## - FUENTE DE CATALOGACIÓN
Centro catalogador/agencia de origen CCPB | B
Lengua de catalogación spa
Centro/agencia transcriptor CCPB | B
100 0# - ENTRADA PRINCIPAL--NOMBRE DE PERSONA
Nombre de persona Bourru, Henri.
9 (RLIN) 31026
245 13 - MENCIÓN DEL TÍTULO
Título La suggestion mentale et l'action a distance des substances toxiques et médicamenteuses /
Mención de responsabilidad, etc. par H. Bourru et P. Burot.
260 ## - PUBLICACIÓN, DISTRIBUCIÓN, ETC.
Lugar de publicación, distribución, etc. Paris :
Nombre del editor, distribuidor, etc. Librairie J.-B. Baillière et fils,
Fecha de publicación, distribución, etc. 1887 (
Lugar de fabricación/manufactura Lyon :
Fabricante Imprimerie Pitrat)
300 ## - DESCRIPCIÓN FÍSICA
Extensión 311 p. :
Otras características físicas il. ;
Dimensiones 18 cm.
490 1# - MENCIÓN DE SERIE
Mención de serie Bibliothèque scientifique contemporaine
650 #7 - PUNTO DE ACCESO ADICIONAL DE MATERIA--TÉRMINO DE MATERIA
Término de materia o nombre geográfico como elemento de entrada Psicología fisiológica
Fuente del encabezamiento o término embne
9 (RLIN) 16565
700 0# - ENTRADA AGREGADA--NOMBRE PERSONAL
Nombre de persona Burot, P.
9 (RLIN) 32762
830 0# - PUNTO DE ACCESO ADICIONAL DE SERIE-TÍTULO UNIFORME
Título uniforme Bibliothèque scientifique contemporaine
9 (RLIN) 182226
852 ## - LOCALIZACIÓN
Ubicación ES-MaACL
Número de control de estantería F-11244
Nota libre -- Enc. pasta española
Holdings
Estatus retirado Estado de pérdida Estado de daño No para préstamo Colección Biblioteca de origen Biblioteca actual Ubicación en estantería Fecha de adquisición Fuente de adquisición Total de préstamos Signatura topográfica completa Código de barras Visto por última vez Precio de reemplazo Tipo de ítem Koha
        Libros del s. XIX Biblioteca del Ateneo de Madrid Biblioteca del Ateneo de Madrid Sala Pecera Planta 2 17/01/2008     F-11244 1159318 23/02/2023 23/02/2023 Libro impreso antiguo